000 00582nam 2200169 4500
001 6093
090 _a6093
100 _a20190729k u||y0frey50 ba
101 _aspa
200 _aSobre la Central nuclear de Santa Maria de Geroña
_bBrochure
_f[Coordinadora contra Garoña]
210 _a[S.l.]
_cCoordinadora contra Garoña
_d[1986?]
215 _a[17] p.
_cill.
_d30 cm
606 _97012
_aCentrale nucléaire Santa María de Garoña
_yEspagne
_z1971-2012
606 _9648
_aNucléaire (Energie)
607 _9493
_aEspagne
710 _97011
_aCoordinadora contra Garoña
801 _aCH
_bCH-002049-8